000
002520000a22000970004500
100
1
_a
Barr, James
245
1
0
_a
Allegory and historicism
300
_a
Núm 69 (1996), Páginas 105-120
773
0
_t
Journal for the Study of the Old Testament
942
_c
ANA
999
_c
54637
_d
54637